Statistics for Artists That Have Worked with Ariana Grande

Click here to take the quiz!

General Stats

  • This quiz has been taken 48 times
    (38 since last reset)
  • The average score is 15 of 32

Answer Stats

Artist% Correct
Nicki Minaj
91%
The Weeknd
91%
Mac Miller
85%
Doja Cat
74%
Big Sean
71%
Jessie J
71%
Lady Gaga
65%
Pharrell Williams
65%
Megan Thee Stallion
56%
Future
53%
Mariah Carey
53%
Kelly Clarkson
50%
Lana Del Rey
50%
Demi Lovato
47%
Lil Wayne
47%
Miley Cyrus
47%
Social House
47%
Cashmere Cat
44%
MIKA
44%
Victoria Monet
44%
2 Chainz
35%
Troye Sivan
35%
John Legend
32%
Stevie Wonder
29%
Ty Dolla $ign
29%
Calvin Harris
26%
Jennifer Hudson
26%
Nathan Sykes
21%
Kid Cudi
18%
Normani
15%
Andrea Bocelli
12%
Young Thug
9%

Score Distribution

Percentile by Number Answered

Percent of People with Each Score

Your Score History

You have not taken this quiz since the last reset